000 00612nam a2200205Ia 4500
005 20250923150202.0
008 008 250917s9999 xx 000 0 eng d
037 _aTextual
040 _aDSWL
_beng
_cDSWL
041 _aeng
_2eng
084 _aNT44Q7, P5
_qDSWL
100 _aAfzal-Khan, Fawzia
_9843158
245 0 _aCritical stage : Role of secualar alternative theater in Pakistan
_cby Fawzia Afzal-Khan
260 _aCalcutta
_bSeagull Books
_c2005
300 _a143p.
365 _aINR
_b425 . 0
925 _g425 . 0
942 _cTEXL
_hNT44Q7, P5
999 _c1460543
_d1460543